| 000 | 00371nam a2200157 a 4500 | ||
|---|---|---|---|
| 001 | 3181 | ||
| 005 | 20140414131853.0 | ||
| 008 | 060202s19uu xx 00 eng d | ||
| 020 | _a971-08-6256-1 | ||
| 050 |
_aM 398.6 _bAr7 2001 |
||
| 100 | _aArtus, A. | ||
| 245 | _aMy little book of riddles. | ||
| 260 |
_bNaja Books, _c2001. |
||
| 300 | _ap. ; cm. | ||
| 999 |
_c110288 _d110288 |
||